000
00260nam a22001217a 4500
008
181008b xxu||||| |||| 00| 0 eng d
041
_a
eng
080
_a
621
100
_a
30
101
_a
MAK
245
_a
Magnetism Metallurgu
_c
Brony.sch
942
_2
udc
_c
BK
999
_c
49011
_d
49011